000
00193 a2200085 4500
041
_a
spa
100
_a
Anonimo
245
_a
Reseਠhistorica de nicaragua y emblemas de centroamerica
942
_c
BK
999
_c
9902
_d
9902